000 00439nam a2200181Ia 4500
003 LK-CoDNM
005 20241206115609.0
008 010623t1969 xxu||||| |||| 00| 1 eng d
040 _aLK-CoDNM
_dLK-CoDNM
_eLK-CoDNM
041 _aeng
080 _a294.38
_bPAL
245 _aConditional Relations (Patthana)
260 _bLuzac Company Ltd
_c1969
300 _b526p. ; 21 cm
650 _a1969
650 _aBuddhism
942 _cBK
999 _c107779
_d107779